LEADER 00932nam0 2200241 450 001 000036869 005 20241218092713.0 100 $a20241218d2000----km-y0itay50------ba 101 0 $aita 102 $aIT 105 $ay-------001yy 200 1 $a<>organizzazione dei sistemi di business intelligence nel settore finanziario$eil datawarehouse e il data mining$fFederico Rajola (a cura di) 210 $aMilano$cFranco Angeli$d2000 215 $a267 P.$d23 cm 410 0$12001 500 10$a<>organizzazione dei sistemi di business intelligence nel settore finanziario$968117 676 $a332.10285$v22$9BANCHE. Elaborazione dei dati 702 1$aRojola,$bFederico 801 0$aIT$bUNIPARTHENOPE$c20241812$gREICAT$2UNIMARC 912 $a000036869 951 $aDISAE 511/89$b7037 ex St.Az.$cNAVA2$d2024 996 $aOrganizzazione dei sistemi di business intelligence nel settore finanziario$968117 997 $aUNIPARTHENOPE